[Event "AUT-chT 2001-2002"]
[Site ""]
[Date "2001.11.02"]
[Round "3.1.3"]
[White "SCHWARZ, Michael"]
[Black "HOELZL, Franz"]
[Result "1-0"]
[WhiteElo "2389"]
[BlackElo "2369"]
[PlyCount "49"]
[EventDate "2001.11.02"]

1. c4 e6 2. Nf3 d5 3. e3 Nf6 4. Nc3 c5 5. d4 dxc4 6. Bxc4 a6 7. O-O b5 8. Be2
Bb7 9. dxc5 Bxc5 10. Qxd8+ Kxd8 11. Nd2 Nbd7 12. Nb3 Rc8 13. Bd2 Bd6 14. Rfc1
Ke7 15. Na5 Ba8 16. a4 Be5 17. axb5 axb5 18. Nxb5 Nb6 19. Bb4+ Kd7 20. Na7
Rxc1+ 21. Rxc1 Bc7 22. Bb5+ Kd8 23. N5c6+ Bxc6 24. Nxc6+ Kc8 25. Ne5 1-0

[Event "AUT-chT 2001-2002"]
[Site ""]
[Date "2001.11.02"]
[Round "3.1.5"]
[White "PERHINIG, Robert"]
[Black "PILAJ, Herwig"]
[Result "1/2-1/2"]
[WhiteElo "2191"]
[BlackElo "2318"]
[PlyCount "91"]
[EventDate "2001.11.02"]

1. d4 Nf6 2. c4 g6 3. Nc3 Bg7 4. e4 d6 5. f3 O-O 6. Be3 c5 7. dxc5 dxc5 8. Qxd8
Rxd8 9. Bxc5 Nc6 10. Nd5 Nd7 11. Ba3 e6 12. Nc7 Rb8 13. O-O-O b6 14. Nb5 a6 15.
Nc3 Bb7 16. Na4 Nce5 17. b3 Bc6 18. Nb2 f5 19. exf5 exf5 20. Bd3 Nc5 21. Bxc5
bxc5 22. Ne2 a5 23. Kc2 a4 24. Nc3 a3 25. Nba4 Bxa4 26. Nxa4 Nc6 27. Kb1 Nb4
28. Nxc5 Rbc8 29. Bxf5 gxf5 30. Ne6 Rxd1+ 31. Rxd1 Bf6 32. Nf4 Re8 33. c5 Bg5
34. Nd5 Nxd5 35. Rxd5 Re1+ 36. Kc2 Ra1 37. b4 Rxa2+ 38. Kb3 Ra1 39. c6 Rc1 40.
Rxf5 Be7 41. Kxa3 Rxc6 42. Kb3 Rc1 43. b5 Kg7 44. g4 Rh1 45. Kc4 Rxh2 46. Kd5
1/2-1/2

[Event "AUT-chT 2001-2002"]
[Site ""]
[Date "2001.11.02"]
[Round "3.1.6"]
[White "PETSCHAR, Kurt"]
[Black "FROSCH, Ronald"]
[Result "1-0"]
[WhiteElo "2321"]
[BlackElo "2172"]
[PlyCount "85"]
[EventDate "2001.11.02"]

1. e4 e5 2. Nf3 Nc6 3. Bb5 a6 4. Ba4 Nf6 5. O-O b5 6. Bb3 Bc5 7. Nxe5 Nxe5 8.
d4 Bxd4 9. Qxd4 d6 10. Qd1 O-O 11. f3 Be6 12. Nc3 Qb8 13. Bg5 Nfd7 14. f4 Nc6
15. Nd5 Kh8 16. f5 Bxd5 17. Bxd5 Qb6+ 18. Kh1 f6 19. Bf4 Rae8 20. Rf3 Ne7 21.
Be3 c5 22. Be6 Ne5 23. Rh3 Ng8 24. Qh5 Nh6 25. Bxh6 gxh6 26. Qxh6 Qc7 27. Rd1
Ng4 28. Qh4 Qg7 29. Rg3 Nf2+ 30. Kg1 Qxg3 31. Qxg3 Nxd1 32. b3 b4 33. Qxd6 Nc3
34. Qxc5 Nxe4 35. Qxb4 Ng5 36. Bc4 Rd8 37. h4 Ne4 38. Bd3 Ng3 39. Kh2 Nh5 40.
g4 Ng7 41. Bxa6 h5 42. Bd3 Rf7 43. Qf4 1-0

[Event "AUT-chT 2001-2002"]
[Site ""]
[Date "2001.11.02"]
[Round "3.2.2"]
[White "POPOVIC, Petar"]
[Black "BAUMEGGER, Siegfried"]
[Result "1-0"]
[WhiteElo "2532"]
[BlackElo "2395"]
[PlyCount "85"]
[EventDate "2001.11.02"]

1. e4 c5 2. Nf3 e6 3. d4 cxd4 4. Nxd4 a6 5. Bd3 Nf6 6. O-O Qc7 7. Qe2 d6 8. c4
g6 9. Nc3 Bg7 10. Be3 O-O 11. Rac1 Nbd7 12. f3 b6 13. Rfd1 Bb7 14. Qf2 Rac8 15.
Bf1 Rfe8 16. b4 Qb8 17. h3 Ba8 18. Nb3 Ne5 19. Na4 b5 20. cxb5 Rxc1 21. Rxc1 d5
22. Ba7 Qb7 23. Na5 Qd7 24. Bd4 Nc4 25. e5 Nh5 26. Nxc4 dxc4 27. Nb6 Qxb5 28.
Qb2 Bxe5 29. Bxe5 Qxb6+ 30. Bd4 Qd8 31. Rxc4 Qg5 32. Rc5 f5 33. Qc3 Bd5 34. Rc7
Qd8 35. a4 Qa8 36. Qe3 e5 37. Qh6 Bf7 38. Bc4 Rf8 39. Bxe5 Qd8 40. Kh2 Qe8 41.
f4 Qd8 42. b5 Qh4 43. Bxf7+ 1-0

[Event "AUT-chT 2001-2002"]
[Site ""]
[Date "2001.11.02"]
[Round "3.2.3"]
[White "WACH, Markus"]
[Black "LOEFFLER, Stefan"]
[Result "1-0"]
[WhiteElo "2386"]
[BlackElo "2400"]
[PlyCount "45"]
[EventDate "2001.11.02"]

1. e4 Nf6 2. e5 Nd5 3. d4 d6 4. c4 Nb6 5. exd6 exd6 6. Nc3 Be7 7. h3 O-O 8. Nf3
c5 9. d5 Re8 10. Be2 Bf6 11. O-O Bf5 12. Bd3 Bxd3 13. Qxd3 N8d7 14. Bf4 Ne5 15.
Nxe5 Bxe5 16. Bxe5 Rxe5 17. f4 Re7 18. Ne4 Qc7 19. Ng5 g6 20. f5 Rf8 21. Qg3 h6
22. f6 Re2 23. Ne6 1-0

[Event "AUT-chT 2001-2002"]
[Site ""]
[Date "2001.11.02"]
[Round "3.2.6"]
[White "JANETSCHEK, Karl"]
[Black "IVANCSICS, Michael"]
[Result "1-0"]
[WhiteElo "2326"]
[BlackElo "2299"]
[PlyCount "101"]
[EventDate "2001.11.02"]

1. e4 g6 2. d4 Bg7 3. Nc3 c6 4. Nf3 d5 5. h3 Nf6 6. e5 Ne4 7. Bd3 Nxc3 8. bxc3
c5 9. dxc5 O-O 10. O-O Nd7 11. Bf4 Nxc5 12. Qd2 b6 13. Rae1 Bb7 14. Bh6 Rc8 15.
Nh2 Bxh6 16. Qxh6 Nxd3 17. cxd3 Rxc3 18. f4 d4 19. f5 Rc2 20. Re4 gxf5 21. Rf3
Rxg2+ 22. Kxg2 Bxe4 23. dxe4 Kh8 24. Rxf5 Rg8+ 25. Rg5 Qc7 26. Rxg8+ Kxg8 27.
Nf3 Qc4 28. Kg3 Qe2 29. Qd2 Qxe4 30. Qxd4 Qc2 31. a3 Qc7 32. Qf4 Qc3 33. Qa4
Qc7 34. Kg2 Kg7 35. Qg4+ Kf8 36. Qe4 f6 37. Qxh7 fxe5 38. Qf5+ Ke8 39. Nxe5 Qc5
40. Qh5+ Kd8 41. Qd1+ Ke8 42. Qh5+ Kd8 43. Nf7+ Kd7 44. Qxc5 bxc5 45. Kf3 Ke6
46. Nd8+ Kd5 47. h4 a6 48. h5 Ke5 49. h6 Kf6 50. Ne6 c4 51. h7 1-0

[Event "AUT-chT 2001-2002"]
[Site ""]
[Date "2001.11.02"]
[Round "3.3.1"]
[White "HICKL, Joerg"]
[Black "WELLS, Peter"]
[Result "1-0"]
[WhiteElo "2600"]
[BlackElo "2517"]
[PlyCount "51"]
[EventDate "2001.11.02"]

1. c4 c5 2. g3 g6 3. Bg2 Bg7 4. Nc3 Nc6 5. a3 b6 6. b4 cxb4 7. axb4 Bb7 8. b5
Na5 9. Bxb7 Nxb7 10. Bb2 d5 11. cxd5 Nf6 12. Qb3 Na5 13. Qa2 Rc8 14. Nf3 Nc4
15. O-O Nxb2 16. Qxb2 Nxd5 17. Rxa7 O-O 18. Rc1 Rc4 19. Qb3 Qc8 20. Rc2 Nxc3
21. dxc3 e6 22. Ra6 Qc5 23. Rxb6 Rc8 24. Ra6 Bxc3 25. Rc6 Rxc6 26. bxc6 1-0

[Event "AUT-chT 2001-2002"]
[Site ""]
[Date "2001.11.02"]
[Round "3.3.2"]
[White "RABIEGA, Robert"]
[Black "ATLAS, Valeri"]
[Result "1-0"]
[WhiteElo "2503"]
[BlackElo "2484"]
[PlyCount "83"]
[EventDate "2001.11.02"]

1. e4 e6 2. d4 d5 3. Nc3 Nf6 4. Bg5 dxe4 5. Nxe4 Be7 6. Bxf6 gxf6 7. Nf3 b6 8.
Bb5+ c6 9. Bc4 Nd7 10. Qe2 Qc7 11. O-O Bb7 12. a4 Nf8 13. a5 Ng6 14. a6 Bc8 15.
Bb3 Nf4 16. Qe3 Rg8 17. g3 f5 18. Ned2 Ng6 19. Nc4 f6 20. Ncd2 f4 21. Qe4 Nf8
22. d5 f5 23. Qd3 cxd5 24. Bxd5 Rb8 25. Bc4 fxg3 26. fxg3 Bd7 27. Bb5 Rd8 28.
Kh1 Qc5 29. Bxd7+ Rxd7 30. Qb3 Rc7 31. c3 Rg4 32. Nd4 Rg6 33. Rae1 Rd7 34. N2f3
Rd5 35. Re2 Bd6 36. Rfe1 Kf7 37. Rd2 Be5 38. Nxe6 Rxe6 39. Rxd5 Qf2 40. Qd1
Bxg3 41. Rxf5+ Kg7 42. Rxe6 1-0

[Event "AUT-chT 2001-2002"]
[Site ""]
[Date "2001.11.02"]
[Round "3.3.3"]
[White "NOVKOVIC, Milan"]
[Black "MUSE, Mladen"]
[Result "0-1"]
[WhiteElo "2396"]
[BlackElo "2487"]
[PlyCount "80"]
[EventDate "2001.11.02"]

1. d4 Nf6 2. c4 g6 3. Nc3 Bg7 4. e4 d6 5. Bd3 e5 6. d5 c6 7. Nge2 a5 8. h3 Na6
9. Be3 O-O 10. Qd2 Bd7 11. a4 Be8 12. Bb1 cxd5 13. cxd5 Nd7 14. O-O Ndc5 15.
Ra3 Rc8 16. Kh1 Qb6 17. Nb5 Bxb5 18. axb5 Nb4 19. Nc3 Qd8 20. g4 Bf6 21. Rg1
Bh4 22. f4 exf4 23. Bxf4 Qb6 24. Qd4 f6 25. Rf1 Qd8 26. Kg2 b6 27. Ne2 Qe7 28.
Raf3 Nd7 29. Nc3 Rb8 30. Na4 Rfe8 31. Bg3 Bxg3 32. Kxg3 Rf8 33. Rc1 Nc5 34. Nc3
Nb3 35. Qd1 Qe5+ 36. Kg2 Nxc1 37. Qxc1 Rbc8 38. Qf1 Qd4 39. Kh1 Kg7 40. Qe2 a4
0-1

[Event "AUT-chT 2001-2002"]
[Site ""]
[Date "2001.11.02"]
[Round "3.3.4"]
[White "FROSCH, Erich"]
[Black "NAUMANN, Alexander"]
[Result "1/2-1/2"]
[WhiteElo "2339"]
[BlackElo "2485"]
[PlyCount "101"]
[EventDate "2001.11.02"]

1. d4 d5 2. Nf3 Nf6 3. c4 c6 4. Nc3 dxc4 5. a4 Bf5 6. e3 e6 7. Bxc4 Bb4 8. O-O
Nbd7 9. h3 O-O 10. Nh4 Bg6 11. Nxg6 hxg6 12. Na2 Bd6 13. b4 e5 14. dxe5 Nxe5
15. Be2 Qe7 16. Rb1 Rad8 17. Qc2 Bb8 18. Nc3 g5 19. Qf5 Nd5 20. Nxd5 Rxd5 21.
Qe4 Qd6 22. g3 Nd3 23. Bxd3 Rxd3 24. Bb2 Qd5 25. Qxd5 Rxd5 26. Rfc1 Rfd8 27.
Bd4 f6 28. b5 cxb5 29. Rxb5 Rxb5 30. axb5 Kf7 31. Kg2 Ke6 32. Kf3 Rd5 33. Rc8
Bd6 34. Bxa7 Rxb5 35. Bd4 Rb1 36. Rg8 Kf7 37. Rd8 Be7 38. Rb8 Kg6 39. Re8 Ba3
40. Rb8 Rb5 41. Ke4 Bd6 42. Rd8 Be5 43. f4 gxf4 44. gxf4 Bxd4 45. exd4 f5+ 46.
Kd3 Rb3+ 47. Kc4 Rxh3 48. Rd6+ Kh5 49. Rd7 Kg4 50. Rxg7+ Kxf4 51. Rxb7 1/2-1/2

[Event "AUT-chT 2001-2002"]
[Site ""]
[Date "2001.11.02"]
[Round "3.3.5"]
[White "GAERTNER, Guntram"]
[Black "FAHRNER, Kurt"]
[Result "1-0"]
[WhiteElo "2392"]
[BlackElo "2367"]
[PlyCount "145"]
[EventDate "2001.11.02"]

1. d4 d5 2. c4 c6 3. cxd5 cxd5 4. Nf3 Nf6 5. Nc3 Nc6 6. Bf4 Ne4 7. e3 Nxc3 8.
bxc3 g6 9. Ne5 Qa5 10. Qb3 Bg7 11. Bb5 Bxe5 12. Bxe5 O-O 13. Bg3 Bf5 14. O-O
Rac8 15. Be2 Rfd8 16. Qxb7 Qxc3 17. Rac1 Qd2 18. Ba6 Na5 19. Qxe7 Qxc1 20.
Qxd8+ Rxd8 21. Rxc1 Nc4 22. Bc7 Rd7 23. Bf4 f6 24. Bc8 Re7 25. Bxf5 gxf5 26.
Rb1 Kf7 27. h4 Kg6 28. Rb8 Re6 29. h5+ Kxh5 30. Rg8 Ra6 31. Rd8 Rxa2 32. Rxd5
Nd2 33. f3 Kg6 34. Rc5 a5 35. d5 Nb3 36. Rc6 Rd2 37. e4 Rd1+ 38. Kf2 fxe4 39.
fxe4 Kf7 40. Rc7+ Ke8 41. Rxh7 Nc5 42. Ke2 Rd4 43. Be3 Rxe4 44. Kf3 Rc4 45.
Bxc5 Rxc5 46. Ke4 Rc2 47. g4 Re2+ 48. Kf5 Re7 49. Rh8+ Kf7 50. Rh7+ Ke8 51. Rh6
a4 52. Kxf6 Kd7 53. Rh8 Re1 54. Ra8 Rf1+ 55. Kg7 Ra1 56. g5 a3 57. Ra6 a2 58.
g6 Kd8 59. Rd6+ Ke7 60. Re6+ Kd7 61. Re2 Kc7 62. Rf2 Kd6 63. Kf7 Rg1 64. Rxa2
Rf1+ 65. Kg8 Kxd5 66. Re2 Kd6 67. g7 Kd7 68. Re4 Kd8 69. Kh7 Rh1+ 70. Kg6 Rg1+
71. Kf6 Rf1+ 72. Kg5 Rg1+ 73. Rg4 1-0

[Event "AUT-chT 2001-2002"]
[Site ""]
[Date "2001.11.02"]
[Round "3.4.1"]
[White "LEHNER, Oliver"]
[Black "BELIAVSKY, Alexander"]
[Result "0-1"]
[WhiteElo "2437"]
[BlackElo "2668"]
[PlyCount "48"]
[EventDate "2001.11.02"]

1. d4 Nf6 2. c4 g6 3. Nc3 Bg7 4. e4 d6 5. h3 O-O 6. Bg5 Qe8 7. g4 c5 8. Nge2
cxd4 9. Nxd4 Nc6 10. Ndb5 Qd8 11. Be2 Be6 12. Rc1 a6 13. Na3 Nd7 14. Qd2 Nd4
15. Be3 Nxe2 16. Nxe2 Nc5 17. O-O Nxe4 18. Qc2 Nf6 19. Nf4 Bd7 20. Rfd1 Bc6 21.
c5 Bf3 22. Rd2 Nxg4 23. Nc4 Nxe3 24. fxe3 e5 0-1

[Event "AUT-chT 2001-2002"]
[Site ""]
[Date "2001.11.02"]
[Round "3.4.2"]
[White "LUTHER, Thomas"]
[Black "VARGA, Peter"]
[Result "1/2-1/2"]
[WhiteElo "2604"]
[BlackElo "2484"]
[PlyCount "81"]
[EventDate "2001.11.02"]

1. e4 c5 2. Nf3 d6 3. d4 cxd4 4. Nxd4 Nf6 5. Nc3 a6 6. Bg5 e6 7. f4 Nbd7 8. Qf3
Qc7 9. O-O-O b5 10. Bd3 b4 11. Nce2 Bb7 12. Bxf6 Nxf6 13. g4 Nd7 14. h4 Nc5 15.
Kb1 O-O-O 16. Nb3 Kb8 17. f5 Nxd3 18. cxd3 e5 19. Qe3 Rc8 20. Rc1 Qd8 21. Rxc8+
Bxc8 22. Rc1 Bb7 23. Ng3 h6 24. f6 gxf6 25. Nf5 a5 26. h5 Rg8 27. Nxh6 Bxh6 28.
Qxh6 Rxg4 29. Qe3 Rh4 30. h6 a4 31. Nd2 d5 32. exd5 Qxd5 33. Qb6 a3 34. Qc7+
Ka7 35. Nc4 Qxd3+ 36. Ka1 axb2+ 37. Nxb2 Qd4 38. Qa5+ Kb8 39. Qc7+ Ka7 40. Qa5+
Kb8 41. Qc7+ 1/2-1/2

[Event "AUT-chT 2001-2002"]
[Site ""]
[Date "2001.11.02"]
[Round "3.4.3"]
[White "VOGT, Lothar"]
[Black "STANEC, Nikolaus"]
[Result "1/2-1/2"]
[WhiteElo "2460"]
[BlackElo "2512"]
[PlyCount "26"]
[EventDate "2001.11.02"]

1. e4 c5 2. Nf3 e6 3. d4 cxd4 4. Nxd4 a6 5. Bd3 g6 6. c4 Bg7 7. Nf3 Ne7 8. Nc3
O-O 9. Bg5 h6 10. Bf4 d5 11. cxd5 exd5 12. O-O Nbc6 13. h3 dxe4 1/2-1/2

[Event "AUT-chT 2001-2002"]
[Site ""]
[Date "2001.11.02"]
[Round "3.4.4"]
[White "KINDERMANN, Stefan"]
[Black "NEUBAUER, Martin"]
[Result "1-0"]
[WhiteElo "2520"]
[BlackElo "2434"]
[PlyCount "71"]
[EventDate "2001.11.02"]

1. e4 e5 2. Nf3 Nc6 3. Nc3 Nf6 4. g3 Nd4 5. Bg2 Nxf3+ 6. Qxf3 Bc5 7. d3 c6 8.
h3 O-O 9. O-O Re8 10. Kh2 b5 11. a3 a5 12. Be3 Bxe3 13. Qxe3 d5 14. exd5 Nxd5
15. Qc5 Be6 16. Qxc6 Rc8 17. Qxb5 Nxc3 18. bxc3 Rxc3 19. Qxe5 Rxc2 20. Rae1 Rd2
21. Re3 Qb6 22. Qf4 Qb2 23. Bd5 h6 24. Bxe6 Rxe6 25. Rxe6 fxe6 26. Qe3 e5 27.
Kg2 Qc3 28. Rb1 Rxd3 29. Rb8+ Kf7 30. Rb7+ Kg8 31. Rb8+ Kf7 32. Qe4 Rd6 33.
Qf5+ Rf6 34. Qd7+ Kg6 35. Qg4+ Kf7 36. Rb7+ 1-0

[Event "AUT-chT 2001-2002"]
[Site ""]
[Date "2001.11.02"]
[Round "3.4.5"]
[White "GANAUS, Hannes"]
[Black "TESKE, Henrik"]
[Result "1/2-1/2"]
[WhiteElo "2364"]
[BlackElo "2504"]
[PlyCount "22"]
[EventDate "2001.11.02"]

1. d4 d5 2. c4 c6 3. e3 Nf6 4. Nc3 e6 5. Bd2 Bb4 6. Nf3 O-O 7. Qc2 Qe7 8. a3
Bxc3 9. Bxc3 Ne4 10. Bd3 Nxc3 11. Qxc3 dxc4 1/2-1/2

[Event "AUT-chT 2001-2002"]
[Site ""]
[Date "2001.11.02"]
[Round "3.5.3"]
[White "ROLLETSCHEK, Heinrich"]
[Black "WEINZETTL, Ernst"]
[Result "0-1"]
[WhiteElo "2269"]
[BlackElo "2415"]
[PlyCount "78"]
[EventDate "2001.11.02"]

1. e4 e6 2. d4 d5 3. exd5 exd5 4. Bd3 c5 5. Nf3 Nc6 6. dxc5 Bxc5 7. O-O Nge7 8.
Nbd2 h6 9. Nb3 Bd6 10. c3 Bg4 11. Be2 O-O 12. h3 Bh5 13. Be3 Bc7 14. Qd2 Qd6
15. g3 Qd7 16. Kg2 Rae8 17. Nbd4 Bg6 18. Rad1 Be4 19. Kh2 Ng6 20. Nxc6 bxc6 21.
Bc5 f5 22. Bxf8 Rxf8 23. Nd4 f4 24. Bg4 Qd6 25. f3 fxg3+ 26. Kh1 Nh4 27. Rg1
Rxf3 28. Nxf3 Nxf3 29. Qe2 Nd4+ 30. Qxe4 dxe4 31. Rxd4 Qf4 32. Rdd1 Bb6 33.
Rgf1 Bf2 34. Kg2 Qf7 35. Rd8+ Kh7 36. Rd7 Qf6 37. Rfd1 Be3 38. Rf1 Bf2 39. Rfd1
Be1 0-1

[Event "AUT-chT 2001-2002"]
[Site ""]
[Date "2001.11.02"]
[Round "3.5.4"]
[White "ELLERS, Holger"]
[Black "BAUMGARTNER, Heinz"]
[Result "0-1"]
[WhiteElo "2444"]
[BlackElo "2350"]
[PlyCount "108"]
[EventDate "2001.11.02"]

1. d4 d5 2. Nf3 Nf6 3. c4 e6 4. g3 dxc4 5. Bg2 a6 6. O-O Nc6 7. e3 Rb8 8. Qe2
b5 9. Rd1 Bb7 10. e4 Be7 11. Nc3 O-O 12. Bg5 Nb4 13. Ne1 Re8 14. a3 Nc6 15. Nc2
Nxe4 16. Nxe4 Bxg5 17. Nc5 Na5 18. Bxb7 Nxb7 19. Nxa6 Ra8 20. Nc5 Nxc5 21. dxc5
Qe7 22. c6 Qc5 23. Qf3 Bf6 24. Rd7 Rac8 25. Rad1 Rf8 26. Nd4 Be5 27. Qe4 g6 28.
Rd2 Bd6 29. Qh4 Rce8 30. Qh6 Be5 31. Nf3 Bg7 32. Qf4 Qxc6 33. Rxc7 e5 34. Rxc6
exf4 35. Rb6 fxg3 36. hxg3 Rb8 37. Rxb8 Rxb8 38. Rc2 Rc8 39. Nd2 f5 40. Kf1 Ra8
41. Nb1 g5 42. Nc3 Bxc3 43. Rxc3 Kf7 44. Ke2 Kf6 45. Re3 Ra6 46. Kd2 Rd6+ 47.
Kc3 Re6 48. Rf3 g4 49. Rf4 Re2 50. b3 cxb3 51. Kxb3 Re4 52. Rxe4 fxe4 53. Kb4
h5 54. Kxb5 h4 0-1

[Event "AUT-chT 2001-2002"]
[Site ""]
[Date "2001.11.02"]
[Round "3.5.5"]
[White "NIEDERMAYR, Horst"]
[Black "BLAAS, Hansjoerg"]
[Result "1/2-1/2"]
[WhiteElo "2178"]
[BlackElo "2216"]
[PlyCount "42"]
[EventDate "2001.11.02"]

1. e4 c5 2. Nf3 Nc6 3. Bb5 g6 4. O-O Bg7 5. Re1 e5 6. c3 a6 7. Bxc6 dxc6 8. d3
Ne7 9. Be3 b6 10. a4 a5 11. Na3 Ba6 12. Nc4 Bxc4 13. dxc4 O-O 14. Qe2 Qc7 15.
Rad1 Rfd8 16. Rxd8+ Rxd8 17. Rd1 Nc8 18. h3 f6 19. Rxd8+ Qxd8 20. Nd2 Qd7 21.
f3 Bf8 1/2-1/2

[Event "AUT-chT 2001-2002"]
[Site ""]
[Date "2001.11.02"]
[Round "3.5.6"]
[White "HOELLRIGL, Wilfried"]
[Black "WINIWARTER, Felix"]
[Result "1-0"]
[WhiteElo "2196"]
[BlackElo "2174"]
[PlyCount "67"]
[EventDate "2001.11.02"]

1. e4 e6 2. d4 d5 3. e5 c5 4. c3 Nc6 5. Nf3 Qb6 6. a3 c4 7. Nbd2 f6 8. Be2 fxe5
9. Nxe5 Nxe5 10. dxe5 Ne7 11. Bxc4 g6 12. Bd3 Bg7 13. Nf3 Nc6 14. Qe2 O-O 15.
O-O Bd7 16. Be3 Qd8 17. Bc5 Rxf3 18. Qxf3 Nxe5 19. Qg3 Nxd3 20. Qxd3 Bc6 21. f4
Qd7 22. Qe3 g5 23. Bd4 Re8 24. Bxg7 Qxg7 25. fxg5 e5 26. Rae1 Qg6 27. Rf6 Qc2
28. g6 d4 29. gxh7+ Kh8 30. Qg5 d3 31. Rf7 Qxg2+ 32. Qxg2 Bxg2 33. Kxg2 e4 34.
Kf2 1-0

[Event "AUT-chT 2001-2002"]
[Site ""]
[Date "2001.11.02"]
[Round "3.6.1"]
[White "STOHL, Igor"]
[Black "HERTNECK, Gerald"]
[Result "1/2-1/2"]
[WhiteElo "2534"]
[BlackElo "2570"]
[PlyCount "37"]
[EventDate "2001.11.02"]

1. d4 d5 2. c4 c6 3. Nf3 Nf6 4. e3 Bf5 5. Nc3 e6 6. Nh4 Be4 7. f3 Bg6 8. Qb3
Qb6 9. Nxg6 hxg6 10. Bd2 Nbd7 11. O-O-O Qxb3 12. axb3 Bd6 13. h3 O-O-O 14. Kc2
Bb8 15. Bd3 dxc4 16. bxc4 e5 17. d5 e4 18. Bxe4 Nxe4 19. Nxe4 1/2-1/2

[Event "AUT-chT 2001-2002"]
[Site ""]
[Date "2001.11.02"]
[Round "3.6.2"]
[White "TISCHBIEREK, Raj"]
[Black "VAN DER WIEL, John"]
[Result "1-0"]
[WhiteElo "2493"]
[BlackElo "2495"]
[PlyCount "101"]
[EventDate "2001.11.02"]

1. b3 g6 2. Bb2 Nf6 3. Bxf6 exf6 4. c4 f5 5. Nc3 Bg7 6. g3 c6 7. Bg2 Qa5 8. Rc1
O-O 9. Nh3 Na6 10. O-O Nc7 11. d4 c5 12. e3 cxd4 13. exd4 Ne6 14. Ne2 Qxa2 15.
b4 a5 16. b5 a4 17. Qd3 Qb3 18. Rc3 Qb4 19. Rb1 Qe7 20. Nhf4 Nxf4 21. Nxf4 Qf6
22. Rd1 d6 23. Ra3 Qd8 24. Qc2 Qa5 25. h4 Re8 26. Kh2 Kf8 27. Qd3 h6 28. h5 g5
29. Nd5 f4 30. Rda1 Qd8 31. b6 Bg4 32. Nc7 Re2 33. Nxa8 f3 34. Bxf3 Rxf2+ 35.
Bg2 Bf3 36. Qxf3 Rxf3 37. Bxf3 Bxd4 38. Rd1 Qf6 39. Nc7 Bc5 40. Rad3 g4 41.
Bxg4 a3 42. Ne6+ Kg8 43. Nxc5 dxc5 44. R1d2 Qxb6 45. Rxa3 Qb4 46. Ra8+ Kg7 47.
Rc2 b5 48. Ra7 Qb3 49. Rf2 Qxc4 50. Be2 Qd5 51. Raxf7+ 1-0

[Event "AUT-chT 2001-2002"]
[Site ""]
[Date "2001.11.02"]
[Round "3.6.4"]
[White "DRUCKENTHANER, Andreas"]
[Black "LENDWAI, Reinhard"]
[Result "0-1"]
[WhiteElo "2330"]
[BlackElo "2372"]
[PlyCount "82"]
[EventDate "2001.11.02"]

1. e4 c6 2. d4 d5 3. Nd2 dxe4 4. Nxe4 Bf5 5. Ng3 Bg6 6. Nf3 Nf6 7. Be2 Nbd7 8.
O-O e6 9. b3 Bd6 10. Bb2 Qc7 11. Bd3 Bxd3 12. Qxd3 O-O 13. Rad1 Rad8 14. c4
Rfe8 15. Ne4 Nxe4 16. Qxe4 Nf6 17. Qh4 Be7 18. Rfe1 b5 19. c5 Rd5 20. b4 a5 21.
a3 axb4 22. axb4 Ra8 23. Ra1 Rdd8 24. Qh3 Nd5 25. Ne5 Bf6 26. Qb3 Bxe5 27. dxe5
Qe7 28. g3 Qg5 29. Qd3 Nxb4 30. Qe4 Nd5 31. f4 Qg6 32. f5 exf5 33. Qf3 Qe6 34.
Red1 g6 35. Kg2 h6 36. h3 Rxa1 37. Rxa1 g5 38. Kg1 f4 39. g4 Ne3 40. Bc3 Qc4
41. Ba5 Rd5 0-1

[Event "AUT-chT 2001-2002"]
[Site ""]
[Date "2001.11.02"]
[Round "3.6.5"]
[White "MAHDY, Khaled"]
[Black "OPL, Klaus"]
[Result "1-0"]
[WhiteElo "2352"]
[BlackElo "2263"]
[PlyCount "73"]
[EventDate "2001.11.02"]

1. e4 e5 2. Nf3 Nc6 3. Bb5 a6 4. Ba4 Nf6 5. d3 d6 6. c3 Bd7 7. O-O g6 8. Re1
Bg7 9. Nbd2 O-O 10. Nf1 Nh5 11. Bb3 Kh8 12. a3 Qe8 13. d4 h6 14. Ne3 Nd8 15.
Nd5 Ne6 16. Be3 Nhf4 17. Bxf4 exf4 18. e5 dxe5 19. Nxe5 Qd8 20. Qd2 Bxe5 21.
Rxe5 Qh4 22. f3 Rad8 23. Nb4 g5 24. Nd3 g4 25. fxg4 Qxg4 26. Rf1 Ng5 27. Bd1
Qh4 28. Qxf4 Nh3+ 29. gxh3 Rg8+ 30. Kh1 Bc6+ 31. Bf3 Qxh3 32. Bxc6 bxc6 33. Qf3
Rg3 34. Qf6+ Rg7 35. Rg1 Rdg8 36. Rg3 Kh7 37. Qxg7+ 1-0

[Event "AUT-chT 2001-2002"]
[Site ""]
[Date "2001.11.02"]
[Round "3.6.6"]
[White "PETERWAGNER, Heinz"]
[Black "KWATSCHEWSKY, Leo"]
[Result "1/2-1/2"]
[WhiteElo "2226"]
[BlackElo "2276"]
[PlyCount "85"]
[EventDate "2001.11.02"]

1. e4 c5 2. Nc3 a6 3. a4 Nc6 4. g3 Nf6 5. Bg2 g6 6. Nge2 Bg7 7. d3 O-O 8. O-O
e5 9. f4 d6 10. h3 h6 11. Be3 Nd4 12. Kh2 Bg4 13. Bxd4 cxd4 14. Nb1 Bd7 15. c3
dxc3 16. Nbxc3 Bc6 17. d4 exf4 18. Nxf4 g5 19. Nd3 Qb6 20. e5 dxe5 21. dxe5
Bxg2 22. Kxg2 Qc6+ 23. Qf3 Qxf3+ 24. Rxf3 Nd7 25. Re1 Rfe8 26. Rfe3 Re6 27. Nd5
Rc8 28. R1e2 Rc4 29. b3 Rc8 30. h4 Nb6 31. Nxb6 Rxb6 32. b4 Rc4 33. hxg5 hxg5
34. Re4 Rbc6 35. Kf3 Kh7 36. Rxc4 Rxc4 37. e6 g4+ 38. Kg2 fxe6 39. Rxe6 Rd4 40.
Nc5 Bf8 41. Rb6 Bxc5 42. Rxb7+ Kg6 43. bxc5 1/2-1/2

[Event "AUT-chT 2001-2002"]
[Site ""]
[Date "2001.11.03"]
[Round "4.1.1"]
[White "BISCHOFF, Klaus"]
[Black "HERTNECK, Gerald"]
[Result "1-0"]
[WhiteElo "2541"]
[BlackElo "2570"]
[PlyCount "101"]
[EventDate "2001.11.03"]

1. d4 Nf6 2. c4 c5 3. Nf3 cxd4 4. Nxd4 e5 5. Nb5 d5 6. cxd5 Bc5 7. e3 O-O 8.
N5c3 e4 9. Be2 Qe7 10. Nd2 Rd8 11. Qc2 Bf5 12. a3 a5 13. g4 Bg6 14. h4 h6 15.
Qb3 Na6 16. g5 hxg5 17. hxg5 Nh7 18. Nc4 Ba7 19. Bd2 Nc5 20. Qb5 Nxg5 21. O-O-O
b6 22. Rhg1 Nf3 23. Rxg6 fxg6 24. d6 Qf7 25. Kb1 Rac8 26. Bc1 Nd3 27. Nxe4 Qxc4
28. Qxc4+ Rxc4 29. Bxd3 Rc5 30. Nxc5 bxc5 31. Bxg6 Bb8 32. d7 Kf8 33. Rd5 Ke7
34. Rxc5 Rxd7 35. Be4 Nd2+ 36. Bxd2 Rxd2 37. Rc2 Rxc2 38. Kxc2 g5 39. b4 axb4
40. axb4 Kd6 41. Kd3 Ba7 42. Bf5 Ke5 43. Bc8 Bb6 44. Kc4 Ba7 45. Kb5 Ke4 46.
Bg4 Bb8 47. Kc6 Bh2 48. b5 Bg1 49. f3+ Kxe3 50. b6 Bh2 51. b7 1-0

[Event "AUT-chT 2001-2002"]
[Site ""]
[Date "2001.11.03"]
[Round "4.1.3"]
[White "HOELZL, Franz"]
[Black "MADL, Ildiko"]
[Result "1/2-1/2"]
[WhiteElo "2369"]
[BlackElo "2426"]
[PlyCount "87"]
[EventDate "2001.11.03"]

1. d4 d5 2. c4 c6 3. e3 Nf6 4. Bd3 e5 5. Qb3 e4 6. Be2 Be7 7. Bd2 O-O 8. Nc3 a6
9. c5 Nbd7 10. Na4 Rb8 11. Rc1 Qc7 12. Nh3 b5 13. cxb6 Nxb6 14. Ba5 Nfd7 15.
Qc2 Qa7 16. Nxb6 Nxb6 17. Nf4 Bd7 18. O-O Bd6 19. Qd2 Nc8 20. Rc2 Ne7 21. Rfc1
g6 22. Bf1 Rb7 23. g3 Rfb8 24. Ne2 Rb5 25. a3 Rf8 26. Rb1 Qb7 27. Nc1 Bxa3 28.
Bxb5 Qxb5 29. bxa3 Qxb1 30. Rb2 Qa1 31. Rb7 Bh3 32. Bb4 c5 33. Bxc5 Rc8 34. Qb2
Qxb2 35. Rxb2 Nc6 36. Rb6 a5 37. Ne2 g5 38. Nc3 Be6 39. Kf1 Ne5 40. Rb5 Nc4 41.
Rb7 Nxa3 42. Nxe4 dxe4 43. Bxa3 Rc3 44. Bb2 1/2-1/2

[Event "AUT-chT 2001-2002"]
[Site ""]
[Date "2001.11.03"]
[Round "4.1.4"]
[White "DRUCKENTHANER, Andreas"]
[Black "STEFLITSCH, Erich"]
[Result "0-1"]
[WhiteElo "2330"]
[BlackElo "2371"]
[PlyCount "62"]
[EventDate "2001.11.03"]

1. d4 d5 2. c4 dxc4 3. Nf3 a6 4. e3 Bg4 5. Bxc4 e6 6. h3 Bh5 7. O-O Nf6 8. Nc3
Nc6 9. g4 Bg6 10. Qe2 Bb4 11. Bd3 e5 12. Bxg6 hxg6 13. dxe5 Bxc3 14. bxc3 Nd7
15. e4 Rxh3 16. Ng5 Rh8 17. f4 Qe7 18. e6 fxe6 19. e5 O-O-O 20. Be3 Rh4 21. Kg2
Ncxe5 22. fxe5 Nxe5 23. Rf3 Nxf3 24. Qxf3 Rdh8 25. Rb1 c6 26. Qe4 e5 27. Nf3
Rh3 28. Bf2 Qf7 29. c4 Rxf3 30. Bg3 Rxg3+ 31. Kxg3 Qf6 0-1

[Event "AUT-chT 2001-2002"]
[Site ""]
[Date "2001.11.03"]
[Round "4.1.6"]
[White "PETERWAGNER, Heinz"]
[Black "TITZ, Heimo"]
[Result "1/2-1/2"]
[WhiteElo "2226"]
[BlackElo "2306"]
[PlyCount "72"]
[EventDate "2001.11.03"]

1. e4 c5 2. Nc3 e6 3. g3 Nc6 4. Bg2 g6 5. Nge2 Bg7 6. d3 Nge7 7. Be3 Nd4 8. Qd2
O-O 9. O-O d6 10. Nd1 d5 11. Nc1 dxe4 12. dxe4 b6 13. c3 Ndc6 14. Qc2 Ba6 15.
Re1 Qc7 16. f4 Rad8 17. Nf2 Rfe8 18. Ne2 f5 19. Rad1 Rxd1 20. Rxd1 Rd8 21. Bf3
Bb7 22. Bg2 Rxd1+ 23. Qxd1 Qd8 24. Qxd8+ Nxd8 25. Nc1 Ba6 26. Bf1 Bxf1 27. Kxf1
Kf7 28. Ke2 Ke8 29. Kd3 Kd7 30. Nb3 Kc6 31. Nd2 Nf7 32. Nf3 e5 33. fxe5 Nxe5+
34. Nxe5+ Bxe5 35. Bg5 Nc8 36. exf5 gxf5 1/2-1/2